| 000 | 01584nam a2200469 i 4500 | ||
|---|---|---|---|
| 001 | 33216 | ||
| 003 | KOSZ 005 | ||
| 005 | 20220715100930.0 | ||
| 008 | 980713s1996 pl a |000 0 pol | ||
| 015 | _aUWD 1997/2609 | ||
| 020 | _a8322915241 | ||
| 035 | _a991004720859705066 | ||
| 035 | _a(PL-WaBN)b11245141-48omnis_nlop | ||
| 035 | _ab11245141 | ||
| 035 | _a(OCoLC)750883999 | ||
| 035 | _axx001631531 | ||
| 035 | _a(PL)b0000001124514 | ||
| 035 | _a(EXLNZ-48OMNIS_NETWORK)9910110342605606 | ||
| 040 |
_aWA N _cWA N _dKR U _dKOSZ 005/HR |
||
| 080 | _a342 | ||
| 080 | _a(075.8) | ||
| 100 | 1 |
_aBanaszak, Bogusław _d(1955-2018) _eAutor |
|
| 245 | 1 | 0 |
_aPrawo konstytucyjne : _bwprowadzenie / _cBogusław Banaszak, Artur Preisner. |
| 250 | _aWyd. 3 zm. | ||
| 260 |
_aWrocław : _bWydawnictwo Uniwersytetu Wrocławskiego, _c1996. |
||
| 300 |
_a239 s. : _brys. ; _c24 cm. |
||
| 336 |
_aTekst _btxt _2rdacontent |
||
| 337 |
_aBez urządzenia pośredniczącego _bn _2rdamedia |
||
| 338 |
_aWolumin _bnc _2rdacarrier |
||
| 380 | _aKsiążki | ||
| 388 | _a1901-2000 | ||
| 388 | _a1989-2000 | ||
| 504 | _aBibliogr. s. 238-239. | ||
| 650 | 7 |
_aPrawo konstytucyjne _2DBN |
|
| 655 | 7 |
_aPodręczniki akademickie _2DBN |
|
| 658 | _aPrawo i wymiar sprawiedliwości | ||
| 700 | 1 |
_aPreisner, Artur _d(1954-2017) _eAutor |
|
| 710 | 2 |
_aWydawnictwo Uniwersytetu Wrocławskiego _4pbl |
|
| 856 |
_uhttp://koha.tu.koszalin.pl/cgi-bin/koha/opac-detail.pl?biblionumber=33216 _yKatalog online BPK |
||
| 942 |
_2UKD _cKS |
||
| 999 |
_c33216 _d33216 |
||